LIBRARY & INFORMATION CENTRE, KCAET, TAVANUR

ONLINE PUBLIC ACCESS CATALOGUE (OPAC)

Spensor: Selections / (Record no. 4747)

MARC details
000 -LEADER
fixed length control field 00354cam a2200145ua 4500
041 ## - LANGUAGE CODE
Language code of text/sound track or separate title eng
082 ## - DEWEY DECIMAL CLASSIFICATION NUMBER
Classification number 821
Item number SPE/SP
100 ## - MAIN ENTRY--AUTHOR NAME
Personal name Spenser, .
245 ## - TITLE STATEMENT
Title Spensor: Selections /
260 ## - PUBLICATION, DISTRIBUTION, ETC. (IMPRINT)
Place of publication London :
Name of publisher Oxford at the Clarendon Press ,
Year of publication 1959.
300 ## - PHYSICAL DESCRIPTION
Number of Pages 208 ; .
942 ## - ADDED ENTRY ELEMENTS (KOHA)
Koha item type Books
Holdings
Withdrawn status Lost status Damaged status Home library Current library Date acquired Full call number Accession Number Koha item type
Withdrawn     KAUAET Malayalam University 07/04/2012 821 5224 Books
free website counter